[Event "BL 1819 USV TU Dresden - SG Solingen"]
[Site "?"]
[Date "2019.02.03"]
[Round "8.5"]
[White "Predojevic, Borki"]
[Black "Boensch, Uwe"]
[Result "1/2-1/2"]
[WhiteElo "2616"]
[BlackElo "2541"]
[PlyCount "49"]
[EventDate "2019.??.??"]

1. e4 c5 2. Nf3 Nc6 3. Bb5 d6 4. Bxc6+ bxc6 5. e5 Bg4 6. h3 Bxf3 7. Qxf3 Qd7 8.
exd6 exd6 9. O-O Nf6 10. Nc3 Be7 11. d4 c4 12. d5 Nxd5 13. Nxd5 cxd5 14. Qxd5
Rc8 15. Be3 O-O 16. b3 a6 17. Rfe1 Rfe8 18. Bd4 Bf8 19. Rxe8 Qxe8 20. c3 Qe6
21. Qf3 cxb3 22. axb3 Qxb3 23. Rxa6 Qe6 24. Ra8 Rxa8 25. Qxa8 1/2-1/2

[Event "BL 1819 USV TU Dresden - SG Solingen"]
[Site "?"]
[Date "2019.02.03"]
[Round "8.6"]
[White "Maiwald, Jens-Uwe"]
[Black "Andersen, Mads"]
[Result "1/2-1/2"]
[WhiteElo "2430"]
[BlackElo "2611"]
[PlyCount "61"]
[EventDate "2019.??.??"]

1. d4 Nf6 2. Nf3 d5 3. c4 c6 4. cxd5 cxd5 5. Nc3 Nc6 6. Bf4 Bf5 7. Rc1 Rc8 8.
e3 e6 9. Ne5 Nxe5 10. Bxe5 Nd7 11. Qb3 Nxe5 12. dxe5 Be7 13. Qa4+ Kf8 14. Qxa7
g5 15. Bb5 Qc7 16. O-O Bc5 17. Qa4 Qxe5 18. Ne2 Kg7 19. Nd4 Be4 20. Bd7 Ra8 21.
Qb5 b6 22. a3 h5 23. Rxc5 bxc5 24. Qxc5 Qf6 25. Rc1 h4 26. Qc7 Rhb8 27. b4 Qd8
28. Qe5+ Qf6 29. Qc7 Qd8 30. Qe5+ Qf6 31. Qc7 1/2-1/2

[Event "BL 1819 USV TU Dresden - SG Solingen"]
[Site "?"]
[Date "2019.02.03"]
[Round "8.7"]
[White "Smeets, Jan"]
[Black "Tischbierek, Raj"]
[Result "1-0"]
[WhiteElo "2592"]
[BlackElo "2442"]
[PlyCount "139"]
[EventDate "2019.??.??"]

1. e4 c5 2. Nf3 d6 3. d4 cxd4 4. Nxd4 Nf6 5. Nc3 Nc6 6. Bg5 e6 7. Qd2 a6 8.
O-O-O Nxd4 9. Qxd4 Be7 10. e5 dxe5 11. Qxe5 Bd7 12. Bf4 Qc8 13. Be2 Bc6 14. Rd3
b5 15. a3 O-O 16. Rg3 g6 17. Bh6 Qb8 18. Qxb8 Rfxb8 19. Rd1 a5 20. Bf4 Rb7 21.
Bd6 b4 22. Bxe7 Rxe7 23. Nb5 Ne4 24. Rf3 Rb8 25. Nd4 Bd5 26. axb4 axb4 27. Nb3
Rc7 28. Rd4 Rbc8 29. Bd1 Nc5 30. Nxc5 Rxc5 31. Re3 b3 32. c3 Ra8 33. Rb4 Ra1+
34. Kd2 Rb1 35. Bxb3 Rxb2+ 36. Bc2 Rxb4 37. cxb4 Rc4 38. b5 Rb4 39. Bd3 Rb2+
40. Kc3 Rb3+ 41. Kd4 Bxg2 42. f3 f5 43. Bc4 Rb1 44. Bd3 Rc1 45. Be2 g5 46. Rxe6
Kf7 47. Rc6 Rb1 48. Rc5 Kf6 49. Rxf5+ Kxf5 50. Bd3+ Kf4 51. Bxb1 h5 52. Be4 Bf1
53. b6 Ba6 54. Bc6 g4 55. fxg4 Kxg4 56. Ke5 Kh3 57. Kd6 Kxh2 58. Kc7 h4 59. Bb5
Bxb5 60. b7 h3 61. b8=Q Bf1 62. Kd6 Kg2 63. Qb2+ Kg1 64. Qd4+ Kg2 65. Qd2+ Kg1
66. Qe3+ Kg2 67. Ke5 h2 68. Kf4 h1=N 69. Qd2+ Kg1 70. Kf3 1-0

[Event "BL 1819 USV TU Dresden - SG Solingen"]
[Site "?"]
[Date "2019.02.03"]
[Round "8.8"]
[White "Loxine, Jakov"]
[Black "Nikolic, Predrag"]
[Result "0-1"]
[WhiteElo "2398"]
[BlackElo "2576"]
[PlyCount "62"]
[EventDate "2019.??.??"]

1. d4 Nf6 2. c4 e6 3. Nf3 b6 4. a3 d5 5. Nc3 Be7 6. cxd5 exd5 7. g3 O-O 8. Bg2
c5 9. O-O Nc6 10. Bf4 Be6 11. dxc5 bxc5 12. Ng5 Qd7 13. Nxe6 fxe6 14. Qa4 h6
15. Rad1 Rac8 16. Bh3 Kh8 17. Qc2 Qe8 18. e4 Qg6 19. Bg2 e5 20. Bc1 Nd4 21. Qb1
dxe4 22. Be3 Qh5 23. Bxd4 exd4 24. Nxe4 Ng4 25. h3 Ne5 26. f4 Nc4 27. Rde1 Ne3
28. g4 Qh4 29. Rxe3 dxe3 30. Qd3 Bf6 31. Nd6 Rcd8 0-1

[Event "BL 1819 SF Berlin - Düsseldorfer SK"]
[Site "?"]
[Date "2019.02.03"]
[Round "8.1"]
[White "Demchenko, Anton"]
[Black "Piorun, Kacper"]
[Result "1/2-1/2"]
[WhiteElo "2679"]
[BlackElo "2631"]
[PlyCount "69"]
[EventDate "2019.??.??"]

1. e4 c6 2. d4 d5 3. Nd2 dxe4 4. Nxe4 Bf5 5. Qf3 e6 6. Ne2 Be7 7. c3 Nf6 8.
Nxf6+ Bxf6 9. Ng3 Bg6 10. Be2 Qd5 11. Be3 Nd7 12. Nh5 Bxh5 13. Qxd5 exd5 14.
Bxh5 g6 15. Be2 Bg7 16. O-O-O h5 17. Rde1 Nf6 18. Kc2 Kd7 19. f3 Ne8 20. h4 Nc7
21. g4 Rae8 22. Kd2 Ne6 23. gxh5 Rxh5 24. f4 Rh7 25. h5 gxh5 26. Rxh5 Rxh5 27.
Bxh5 Nd8 28. Bg4+ Kd6 29. f5 Re4 30. Rg1 Bf6 31. Kd3 b5 32. b3 Nb7 33. c4 bxc4+
34. bxc4 c5 35. dxc5+ 1/2-1/2

[Event "BL 1819 SF Berlin - Düsseldorfer SK"]
[Site "?"]
[Date "2019.02.03"]
[Round "8.2"]
[White "Moranda, Wojciech"]
[Black "Alekseev, Evgeny"]
[Result "1/2-1/2"]
[WhiteElo "2593"]
[BlackElo "2639"]
[PlyCount "41"]
[EventDate "2019.??.??"]

1. d4 Nf6 2. c4 e6 3. Nf3 d5 4. g3 Bb4+ 5. Bd2 Be7 6. Bg2 O-O 7. O-O c6 8. Bc3
dxc4 9. a4 b6 10. Ne5 Ba6 11. Nd2 Nd5 12. Nexc4 Nd7 13. Qb3 Qc7 14. Rfd1 Rac8
15. e4 Nxc3 16. bxc3 Nf6 17. e5 Nd5 18. a5 Bxc4 19. Nxc4 b5 20. Nd2 Rb8 21. Ne4
1/2-1/2

[Event "BL 1819 SF Berlin - Düsseldorfer SK"]
[Site "?"]
[Date "2019.02.03"]
[Round "8.3"]
[White "Timman, Jan H"]
[Black "Tomczak, Jacek"]
[Result "1/2-1/2"]
[WhiteElo "2541"]
[BlackElo "2631"]
[PlyCount "45"]
[EventDate "2019.??.??"]

1. Nf3 Nf6 2. g3 b5 3. Bg2 Bb7 4. d4 e6 5. Bg5 c5 6. c3 h6 7. Bxf6 Qxf6 8. O-O
Qd8 9. Nbd2 cxd4 10. cxd4 Be7 11. e3 O-O 12. Ne5 Qb6 13. a4 d6 14. Bxb7 Qxb7
15. Qf3 d5 16. Qe2 bxa4 17. Rxa4 Qxb2 18. Rb1 Qc2 19. Raa1 Bd6 20. Rc1 Qb2 21.
Rcb1 Qc2 22. Rc1 Qb2 23. Rcb1 1/2-1/2

[Event "BL 1819 SF Berlin - Düsseldorfer SK"]
[Site "?"]
[Date "2019.02.03"]
[Round "8.4"]
[White "Kraemer, Martin"]
[Black "Vaisser, Anatoli"]
[Result "1-0"]
[WhiteElo "2582"]
[BlackElo "2490"]
[PlyCount "93"]
[EventDate "2019.??.??"]

1. d4 f5 2. Bf4 Nf6 3. e3 e6 4. Bd3 Bd6 5. Bxd6 cxd6 6. Nc3 d5 7. f3 O-O 8. h3
Nh5 9. Nge2 f4 10. exf4 Nxf4 11. O-O Qf6 12. Qd2 Nc6 13. Qxf4 Qxf4 14. Nxf4
Rxf4 15. Ne2 Rf6 16. c3 d6 17. f4 Bd7 18. g4 Raf8 19. Kg2 Be8 20. Rae1 e5 21.
f5 g6 22. fxg6 Bxg6 23. Bxg6 hxg6 24. Rxf6 Rxf6 25. Rd1 Ne7 26. h4 Kf7 27. Kg3
Ke6 28. Re1 a6 29. Ng1 e4 30. Nh3 Rf3+ 31. Kg2 Kd7 32. Rf1 Rd3 33. Rf2 b5 34.
Nf4 Rd1 35. h5 gxh5 36. gxh5 e3 37. Re2 Nf5 38. Nxd5 Rd2 39. Nf4 b4 40. Kf3
bxc3 41. bxc3 Rd1 42. Kg4 Nh6+ 43. Kg5 Nf7+ 44. Kg6 Rf1 45. Nd5 Ke8 46. Nxe3
Rg1+ 47. Kf6 1-0

[Event "BL 1819 SF Berlin - Düsseldorfer SK"]
[Site "?"]
[Date "2019.02.03"]
[Round "8.5"]
[White "Berelowitsch, Alexander"]
[Black "Sprenger, Jan Michael"]
[Result "1-0"]
[WhiteElo "2525"]
[BlackElo "2498"]
[PlyCount "177"]
[EventDate "2019.??.??"]

1. e4 c5 2. Nf3 e6 3. c3 d5 4. exd5 exd5 5. d4 Nf6 6. Bb5+ Bd7 7. Bxd7+ Nbxd7
8. O-O Be7 9. dxc5 Nxc5 10. Nbd2 O-O 11. Nb3 Nce4 12. Be3 Re8 13. Qd3 Qc7 14.
Rad1 a6 15. h3 Rad8 16. Nbd4 Bf8 17. Rfe1 h6 18. Nf5 Qd7 19. N5d4 Bd6 20. Nd2
Bc7 21. Nf1 Nh5 22. Qe2 Nf4 23. Qg4 Qxg4 24. hxg4 Ne6 25. f3 Nd6 26. Bf2 Nc4
27. b3 Nd6 28. Ne2 Nc8 29. Ne3 Ne7 30. Kf1 Ba5 31. b4 Bc7 32. Rd3 Be5 33. Red1
Rc8 34. Nf5 Nc7 35. a4 Nxf5 36. gxf5 g6 37. fxg6 fxg6 38. Bb6 Kf7 39. Re3 Bf6
40. Rxe8 Kxe8 41. Bxc7 Rxc7 42. Rxd5 Ke7 43. Rd3 g5 44. g4 a5 45. Rd5 Bxc3 46.
bxa5 Ke6 47. Rb5 Bd2 48. Nd4+ Kf6 49. Ke2 Rc4 50. Nb3 Bf4 51. Rxb7 Rxa4 52. Kd3
Bd6 53. Rb5 Bc7 54. Rc5 Bd6 55. Rd5 Bc7 56. Rb5 Ke7 57. Nd4 Ke8 58. Nc6 Kd7 59.
Ne5+ Bxe5 60. Rxe5 Kd6 61. Rf5 Ra1 62. Kc3 Ra2 63. Kb4 Rb2+ 64. Kc4 Ra2 65. a6
Kc7 66. Rf6 Rh2 67. Kd5 h5 68. gxh5 Rxh5 69. Rf5 Rh3 70. Ke4 Rg3 71. Rb5 Rg1
72. a7 Re1+ 73. Kd3 Rd1+ 74. Ke2 Ra1 75. Rxg5 Kd6 76. Rg7 Ke5 77. Kd3 Kd5 78.
Kc3 Kc5 79. f4 Kd5 80. f5 Ke5 81. Rf7 Ra2 82. Kc4 Kd6 83. Rb7 Kc6 84. Re7 Ra4+
85. Kd3 Kd6 86. f6 Ra1 87. Ke4 Ra5 88. Kf4 Ra1 89. Kg5 1-0

[Event "BL 1819 SF Berlin - Düsseldorfer SK"]
[Site "?"]
[Date "2019.02.03"]
[Round "8.6"]
[White "Schreiner, Peter"]
[Black "Orlov, Andrey"]
[Result "1/2-1/2"]
[WhiteElo "2482"]
[BlackElo "2499"]
[PlyCount "46"]
[EventDate "2019.??.??"]

1. d4 g6 2. c4 Bg7 3. e4 d6 4. Nc3 Nf6 5. h3 O-O 6. Be3 c5 7. Nf3 Nfd7 8. d5
Na6 9. Qd2 Re8 10. Bd3 Nc7 11. O-O a6 12. a4 Rb8 13. Bg5 Nf8 14. Rfe1 b6 15.
Bh4 f6 16. Nh2 e5 17. dxe6 Nfxe6 18. Nf3 Bb7 19. Rad1 Qd7 20. Bc2 Rbd8 21. Nd5
Nxd5 22. exd5 Nf8 23. b4 Qc7 1/2-1/2

[Event "BL 1819 SF Berlin - Düsseldorfer SK"]
[Site "?"]
[Date "2019.02.03"]
[Round "8.7"]
[White "De Gleria, Francesco"]
[Black "Baldauf, Marco"]
[Result "0-1"]
[WhiteElo "2384"]
[BlackElo "2485"]
[PlyCount "96"]
[EventDate "2019.??.??"]

1. e4 c6 2. d4 d5 3. Nc3 dxe4 4. Nxe4 Bf5 5. Ng3 Bg6 6. Nf3 e6 7. Bd3 Nf6 8.
O-O Be7 9. b3 Bxd3 10. Qxd3 O-O 11. Bb2 a5 12. a4 Na6 13. Ne5 Nb4 14. Qe2 Re8
15. Rad1 Bf8 16. Rfe1 Qc7 17. Nf1 c5 18. Nc4 Rad8 19. dxc5 Qxc5 20. Rxd8 Rxd8
21. Rd1 Rxd1 22. Qxd1 Nfd5 23. g3 b6 24. Nfd2 Qc6 25. Nf3 f6 26. Nd4 Qe8 27.
Qg4 e5 28. Nf5 h5 29. Qe4 Qe6 30. Kg2 Kf7 31. Nh4 Qg4 32. f3 Qxe4 33. fxe4 Ne7
34. Nxb6 Nxc2 35. Bc3 Nc6 36. Nf3 Ne3+ 37. Kh1 Bc5 38. Nc4 Nxc4 39. bxc4 Ke6
40. Bb2 Bb4 41. Bc1 Nd4 42. Kg2 Kd6 43. Be3 Kc5 44. Nd2 g5 45. h4 g4 46. Bh6
Bxd2 47. Bxd2 Nc6 48. Kf2 Kd4 0-1

[Event "BL 1819 SF Berlin - Düsseldorfer SK"]
[Site "?"]
[Date "2019.02.03"]
[Round "8.8"]
[White "Blohberger, Felix"]
[Black "Agrest, Inna"]
[Result "1-0"]
[WhiteElo "2450"]
[BlackElo "2275"]
[PlyCount "97"]
[EventDate "2019.??.??"]

1. e4 e5 2. Nf3 Nc6 3. Bb5 a6 4. Ba4 Nf6 5. O-O Bc5 6. c3 b5 7. Bb3 d6 8. a4
Rb8 9. d4 Bb6 10. a5 Ba7 11. h3 O-O 12. Re1 Bb7 13. Bg5 h6 14. Bh4 g5 15. Bg3
exd4 16. cxd4 Re8 17. Nc3 b4 18. Nd5 Nxd5 19. Bxd5 Nxd4 20. Bxb7 Nxf3+ 21. Qxf3
Rxb7 22. e5 d5 23. e6 c6 24. Qf5 Bd4 25. exf7+ Rxf7 26. Qg6+ Bg7 27. Be5 Ref8
28. Bxg7 Rxg7 29. Qxc6 Qf6 30. Qxd5+ Rgf7 31. Re2 Rd8 32. Qc4 Rd4 33. Qb3 Kg7
34. Rae1 Rf4 35. f3 h5 36. Qd5 Rf5 37. Re5 g4 38. hxg4 hxg4 39. Rxf5 Qxf5 40.
Qd4+ Kh7 41. fxg4 Qxa5 42. Re5 Qa1+ 43. Kh2 Qb1 44. Rh5+ Kg6 45. Qh8 Rf1 46.
Qe8+ Kf6 47. g5+ Kf5 48. g6+ Kf4 49. Qe5+ 1-0

[Event "BL 1819 Hamburger SK - SG Turm Kiel"]
[Site "?"]
[Date "2019.03.01"]
[Round "9.2"]
[White "Huschenbeth, Niclas"]
[Black "Khenkin, Igor"]
[Result "1/2-1/2"]
[WhiteElo "2594"]
[BlackElo "2546"]
[PlyCount "42"]
[EventDate "2019.??.??"]

1. e4 c6 2. d4 d5 3. e5 c5 4. dxc5 e6 5. a3 Bxc5 6. Nf3 Ne7 7. b4 Bb6 8. Bb2 a5
9. Nbd2 axb4 10. axb4 Rxa1 11. Qxa1 Na6 12. Qa3 O-O 13. Bd3 Ng6 14. h4 Nf4 15.
Bxa6 bxa6 16. g3 Ng6 17. h5 Ne7 18. h6 g6 19. Bd4 Nc6 20. Qe3 Nxd4 21. Nxd4 Bd7
1/2-1/2

[Event "BL 1819 Hamburger SK - SG Turm Kiel"]
[Site "?"]
[Date "2019.03.01"]
[Round "9.5"]
[White "Pakleza, Zbigniew"]
[Black "Ernst, Sipke"]
[Result "1/2-1/2"]
[WhiteElo "2503"]
[BlackElo "2533"]
[PlyCount "60"]
[EventDate "2019.??.??"]

1. Nf3 d5 2. c4 d4 3. e3 Nc6 4. exd4 Nxd4 5. Nxd4 Qxd4 6. Nc3 c6 7. d3 Nh6 8.
Bxh6 gxh6 9. Qf3 Bg7 10. Be2 Qb6 11. O-O Qxb2 12. Ne4 Qd4 13. Rab1 O-O 14. Ng3
Qf6 15. Qe3 Qe6 16. Qxe6 fxe6 17. Bf3 a5 18. Ne2 a4 19. a3 Ra7 20. Be4 Bd7 21.
c5 Be8 22. d4 Bf7 23. f4 Bh5 24. Bf3 Bg6 25. Rb4 Bd3 26. g3 Rd8 27. Rd1 Bc2 28.
Rc1 Bd3 29. Rd1 Bc2 30. Rc1 Bd3 1/2-1/2

[Event "BL 1819 OSG Baden-Baden - SF Deizisau"]
[Site "?"]
[Date "2019.03.01"]
[Round "9.8"]
[White "Bacrot, Etienne"]
[Black "Kollars, Dmitrij"]
[Result "1/2-1/2"]
[WhiteElo "2681"]
[BlackElo "2564"]
[PlyCount "86"]
[EventDate "2019.??.??"]

1. e4 e5 2. Nf3 Nc6 3. Bc4 Nf6 4. d3 Bc5 5. O-O d6 6. c3 h6 7. Re1 O-O 8. Nbd2
a5 9. Nf1 Be6 10. Bb5 Ne7 11. h3 c6 12. Ba4 Ng6 13. d4 exd4 14. Nxd4 Bd7 15.
Bc2 Qb6 16. Ng3 Rfe8 17. f4 Rad8 18. Kh2 Bc8 19. Rb1 d5 20. e5 Ne4 21. Bxe4
dxe4 22. Rxe4 f5 23. Re1 Bxd4 24. cxd4 Qxd4 25. Be3 Qc4 26. Qh5 Kh7 27. Nxf5
Nxf4 28. Qg4 Bxf5 29. Qxf5+ Ng6 30. b3 Qb5 31. a4 Qxe5+ 32. Qxe5 Rxe5 33. Bb6
Rdd5 34. Bc7 Re7 35. Rxe7 Nxe7 36. Re1 Nf5 37. g4 Nh4 38. Re3 Kg8 39. Re8+ Kh7
40. Rb8 Rd2+ 41. Kh1 Rd1+ 42. Kh2 Rd2+ 43. Kh1 Rd1+ 1/2-1/2

[Event "BL 1819 SV Mülheim Nord 1931 - SV Werd"]
[Site "?"]
[Date "2019.03.01"]
[Round "9.4"]
[White "Vrolijk, Liam"]
[Black "Hracek, Zbynek"]
[Result "1/2-1/2"]
[WhiteElo "2459"]
[BlackElo "2578"]
[PlyCount "44"]
[EventDate "2019.??.??"]

1. d4 Nf6 2. c4 e6 3. Nf3 d5 4. Nc3 Be7 5. Bf4 O-O 6. e3 b6 7. Bd3 dxc4 8. Bxc4
Ba6 9. Bxa6 Nxa6 10. Qe2 Qc8 11. O-O c5 12. Rac1 Qb7 13. dxc5 Nxc5 14. b4 Ncd7
15. a3 a5 16. Qb5 Qa6 17. Qxa6 Rxa6 18. Rb1 Rc8 19. Nb5 axb4 20. axb4 Nd5 21.
Bd6 Kf8 22. Bxe7+ Kxe7 1/2-1/2

[Event "BL 1819 Düsseldorfer SK - SG Solingen"]
[Site "?"]
[Date "2019.03.01"]
[Round "9.4"]
[White "Orlov, Andrey"]
[Black "Andersen, Mads"]
[Result "1/2-1/2"]
[WhiteElo "2498"]
[BlackElo "2599"]
[PlyCount "41"]
[EventDate "2019.??.??"]

1. e4 c5 2. Nf3 d6 3. g3 Nf6 4. d3 g6 5. Bg2 Nc6 6. O-O Bg7 7. Nbd2 O-O 8. a4
e6 9. c3 b6 10. Re1 Ba6 11. Nf1 Ne5 12. c4 Bb7 13. Rb1 Nfd7 14. Ne3 Qc7 15. Nc2
Nxf3+ 16. Bxf3 Ne5 17. Bg2 Nc6 18. Bd2 Qd7 19. b3 Rad8 20. Bg5 Rde8 21. Be3
1/2-1/2

[Event "BL 1819 SF Berlin - USV TU Dresden"]
[Site "?"]
[Date "2019.03.01"]
[Round "9.3"]
[White "Vogel, Roven"]
[Black "Moranda, Wojciech"]
[Result "1/2-1/2"]
[WhiteElo "2469"]
[BlackElo "2595"]
[PlyCount "95"]
[EventDate "2019.??.??"]

1. d4 Nf6 2. Nf3 g6 3. Nbd2 Bg7 4. e4 d6 5. Bd3 O-O 6. O-O Nc6 7. c3 e5 8. dxe5
dxe5 9. Nc4 Nh5 10. Bg5 Qe8 11. Ne3 f6 12. Bc4+ Kh8 13. Bh4 Nd8 14. a4 Ne6 15.
Bg3 Bd7 16. Bd5 Nhf4 17. b4 Nxd5 18. exd5 Nd8 19. Re1 Nf7 20. Nd2 c6 21. dxc6
bxc6 22. Nb3 Rd8 23. Qc2 Bc8 24. Nc5 f5 25. Nc4 e4 26. f3 Be6 27. Na5 g5 28.
Nab7 Ra8 29. Nd6 Nxd6 30. Bxd6 Rf7 31. fxe4 f4 32. Rad1 f3 33. gxf3 Rxf3 34.
Rd3 g4 35. Bg3 Bc4 36. Rxf3 gxf3 37. e5 Qh5 38. Qf2 Be2 39. Ne6 Bxe5 40. Nd4
Bxd4 41. Qxd4+ Kg8 42. Kf2 Qd5 43. Be5 Qxd4+ 44. Bxd4 a5 45. Ra1 Kf7 46. Bb6
axb4 47. cxb4 Rg8 48. Rg1 1/2-1/2

[Event "BL 1819 MSA Zugzwang - BCA Augsburg"]
[Site "?"]
[Date "2019.03.01"]
[Round "9.2"]
[White "Kindermann, Stefan"]
[Black "Laznicka, Viktor"]
[Result "1/2-1/2"]
[WhiteElo "2493"]
[BlackElo "2670"]
[PlyCount "53"]
[EventDate "2019.??.??"]

1. e4 c5 2. d3 Nc6 3. f4 d5 4. Be2 e6 5. Nf3 Bd6 6. O-O Nge7 7. e5 Bc7 8. c3
Nf5 9. Na3 O-O 10. Nc2 f6 11. d4 cxd4 12. cxd4 Bb6 13. Kh1 Bd7 14. Bd3 Be8 15.
Bxf5 exf5 16. exf6 Rxf6 17. Ne5 Rh6 18. Be3 Qh4 19. h3 Rc8 20. Rc1 Bh5 21. Qd2
Qd8 22. Qf2 Re6 23. Ne1 h6 24. N1d3 Be8 25. Nc5 Bxc5 26. Rxc5 b6 27. Rc3
1/2-1/2

[Event "BL 1819 MSA Zugzwang - BCA Augsburg"]
[Site "?"]
[Date "2019.03.01"]
[Round "9.4"]
[White "Zysk, Robert"]
[Black "Prusikin, Michael"]
[Result "1/2-1/2"]
[WhiteElo "2402"]
[BlackElo "2523"]
[PlyCount "61"]
[EventDate "2019.??.??"]

1. d4 Nf6 2. c4 e6 3. Nc3 Bb4 4. Qc2 d5 5. cxd5 exd5 6. Nf3 O-O 7. Bg5 h6 8.
Bh4 Be6 9. e3 c5 10. Be2 Nbd7 11. O-O Qa5 12. dxc5 Bxc3 13. c6 bxc6 14. bxc3
Ne4 15. Rfc1 Bf5 16. Nd4 Bh7 17. Qd1 Ne5 18. f4 Ng6 19. Be1 Ne7 20. c4 Qd8 21.
cxd5 c5 22. Nc6 Qd6 23. Bf3 Nxc6 24. dxc6 Qxc6 25. Rc4 Qe6 26. Rac1 Rac8 27.
Qe2 Rfe8 28. Bxe4 Bxe4 29. Rxc5 Rxc5 30. Rxc5 Qg6 31. Rc1 1/2-1/2

[Event "BL 1819 MSA Zugzwang - BCA Augsburg"]
[Site "?"]
[Date "2019.03.01"]
[Round "9.6"]
[White "Hoffmeyer, Falk"]
[Black "Rozentalis, Eduardas"]
[Result "0-1"]
[WhiteElo "2355"]
[BlackElo "2539"]
[PlyCount "64"]
[EventDate "2019.??.??"]

1. d4 d5 2. Bf4 Bg4 3. h3 Bh5 4. c3 e6 5. Qb3 Qc8 6. Nd2 Nf6 7. e3 Bd6 8. Bxd6
cxd6 9. Ngf3 O-O 10. Be2 Nc6 11. O-O e5 12. Rae1 Re8 13. Bd1 Rb8 14. dxe5 dxe5
15. e4 dxe4 16. Ng5 Bg6 17. Ndxe4 Nxe4 18. Nxe4 Qc7 19. Bf3 Rbd8 20. Rd1 Na5
21. Qb4 Nc4 22. Rfe1 b6 23. Qb5 h6 24. Nd2 Nxd2 25. Rxd2 e4 26. Bg4 Rxd2 27.
Qxe8+ Kh7 28. Qb5 Qf4 29. Rf1 Qg5 30. Qb4 h5 31. Bd1 e3 32. Bf3 exf2+ 0-1

[Event "BL 1819 SC Viernheim - SF Deizisau"]
[Site "?"]
[Date "2019.03.02"]
[Round "10.3"]
[White "Bluebaum, Matthias"]
[Black "Korobov, Anton"]
[Result "1/2-1/2"]
[WhiteElo "2616"]
[BlackElo "2686"]
[PlyCount "60"]
[EventDate "2019.??.??"]

1. d4 d5 2. c4 c6 3. Nf3 Nf6 4. Nc3 e6 5. e3 Nbd7 6. Qc2 Bd6 7. Bd3 O-O 8. O-O
dxc4 9. Bxc4 b5 10. Be2 Bb7 11. Rd1 Qc7 12. Bd2 Rfe8 13. Rac1 a6 14. e4 e5 15.
Nd5 Qd8 16. Nxf6+ Qxf6 17. Bc3 h6 18. b4 Qe7 19. Qb2 a5 20. a3 axb4 21. axb4
exd4 22. Nxd4 c5 23. Nf5 Qxe4 24. Bf3 Qf4 25. Nxd6 Bxf3 26. gxf3 Qxf3 27. Nxe8
Qg4+ 28. Kh1 Qf3+ 29. Kg1 Qg4+ 30. Kh1 Qf3+ 1/2-1/2

[Event "BL 1819 SC Viernheim - SF Deizisau"]
[Site "?"]
[Date "2019.03.02"]
[Round "10.5"]
[White "Nielsen, Peter Heine"]
[Black "Maze, Sebastien"]
[Result "1/2-1/2"]
[WhiteElo "2635"]
[BlackElo "2578"]
[PlyCount "79"]
[EventDate "2019.??.??"]

1. d4 Nf6 2. c4 e6 3. Nf3 Bb4+ 4. Bd2 a5 5. g3 b6 6. Bg2 Bb7 7. O-O O-O 8. Bf4
Be7 9. Nc3 Ne4 10. Nb5 Na6 11. Rc1 d6 12. Nd2 Nxd2 13. Bxb7 Nxf1 14. Qxf1 Qd7
15. Qg2 Rad8 16. Bc6 Qc8 17. Bb7 Qd7 18. Bxa6 c6 19. Na3 Qa7 20. d5 Qxa6 21.
dxc6 d5 22. c7 Rd7 23. Nb5 a4 24. b3 axb3 25. axb3 Bc5 26. Qf3 f6 27. Qg4 Re8
28. h4 dxc4 29. bxc4 Qa8 30. h5 Kf7 31. Qf3 Qxf3 32. exf3 e5 33. Be3 Bxe3 34.
fxe3 Rc8 35. Kf2 Rcxc7 36. Nxc7 Rxc7 37. Rb1 Rxc4 38. Rxb6 Rc2+ 39. Kf1 h6 40.
Rb7+ 1/2-1/2

[Event "BL 1819 SC Viernheim - SF Deizisau"]
[Site "?"]
[Date "2019.03.02"]
[Round "10.6"]
[White "Kovalenko, Igor"]
[Black "Keymer, Vincent"]
[Result "1-0"]
[WhiteElo "2658"]
[BlackElo "2509"]
[PlyCount "63"]
[EventDate "2019.??.??"]

1. c4 d5 2. d4 e6 3. Nc3 Nf6 4. Nf3 c5 5. cxd5 Nxd5 6. e3 cxd4 7. exd4 Nxc3 8.
bxc3 Qc7 9. Bd2 Nd7 10. Bd3 b6 11. O-O Bd6 12. Re1 Bb7 13. c4 O-O 14. Rb1 h6
15. Qc1 Nf6 16. d5 Ng4 17. h3 Ne5 18. Nxe5 Bxe5 19. Bxh6 exd5 20. Qg5 Rfe8 21.
Re3 dxc4 22. Rbe1 f6 23. Bxc4+ Kh8 24. Qg6 Re7 25. Rg3 gxh6 26. Rxe5 fxe5 27.
Qxh6+ Rh7 28. Qf6+ Qg7 29. Rxg7 Rxg7 30. g4 e4 31. g5 b5 32. Be6 1-0

[Event "BL 1819 SC Viernheim - SF Deizisau"]
[Site "?"]
[Date "2019.03.02"]
[Round "10.7"]
[White "Donchenko, Alexander"]
[Black "Libiszewski, Fabien"]
[Result "1/2-1/2"]
[WhiteElo "2593"]
[BlackElo "2496"]
[PlyCount "81"]
[EventDate "2019.??.??"]

1. Nf3 g6 2. g3 Bg7 3. d4 Nf6 4. Bg2 O-O 5. O-O d6 6. b3 c5 7. c4 e5 8. dxe5
dxe5 9. Bb2 e4 10. Qxd8 Rxd8 11. Nfd2 Bf5 12. g4 Bxg4 13. Nxe4 Nxe4 14. Bxg7
Kxg7 15. Bxe4 Nd7 16. Nc3 Rab8 17. Rfd1 Re8 18. Rd2 Nf6 19. Bg2 b6 20. Rad1 Re7
21. f3 Be6 22. Kf2 Nh5 23. e3 f5 24. f4 Nf6 25. h3 Bd7 26. Bf3 Rbe8 27. Rd3 Bc8
28. Bc6 Rf8 29. a4 Ne4+ 30. Kf3 Nxc3 31. Rxc3 Rf6 32. Ba8 Bb7+ 33. Bxb7 Rxb7
34. Rd5 a5 35. Rcd3 Re7 36. Rd7 Kf7 37. R3d6 Rxd6 38. Rxd6 Re6 39. Rd8 Re8 40.
Rxe8 Kxe8 41. e4 1/2-1/2

[Event "BL 1819 SC Viernheim - SF Deizisau"]
[Site "?"]
[Date "2019.03.02"]
[Round "10.8"]
[White "Beikert, Guenther"]
[Black "Heimann, Andreas"]
[Result "0-1"]
[WhiteElo "2395"]
[BlackElo "2609"]
[PlyCount "70"]
[EventDate "2019.??.??"]

1. d4 Nf6 2. Nf3 d5 3. c4 e6 4. Nc3 Bb4 5. e3 O-O 6. Bd3 c5 7. O-O cxd4 8. exd4
dxc4 9. Bxc4 b6 10. Bg5 Bb7 11. Qd3 Nbd7 12. Rad1 Bxc3 13. bxc3 Qc7 14. Bb3 Be4
15. Qe3 Bd5 16. Ne5 Bxb3 17. Nxd7 Nd5 18. Qh3 Bxd1 19. Nxf8 Rxf8 20. Rxd1 Qxc3
21. Qxc3 Nxc3 22. Rd3 Rc8 23. Bd2 Nd5 24. Kf1 Rc2 25. a3 f6 26. Ke1 Kf7 27. Kd1
Rc4 28. Ke2 g5 29. Kf3 h5 30. Ke4 Rc2 31. h3 Ke7 32. g4 hxg4 33. hxg4 Kd6 34.
Kf3 Kc6 35. Ke4 Kb5 0-1

[Event "BL 1819 SG Turm Kiel - SV Mülheim Nord"]
[Site "?"]
[Date "2019.03.02"]
[Round "10.2"]
[White "Khenkin, Igor"]
[Black "Tregubov, Pavel V"]
[Result "1/2-1/2"]
[WhiteElo "2546"]
[BlackElo "2589"]
[PlyCount "41"]
[EventDate "2019.??.??"]

1. d4 Nf6 2. c4 e6 3. Nf3 Bb4+ 4. Nc3 b6 5. e3 Bb7 6. Bd3 O-O 7. O-O d5 8. Bd2
Bd6 9. Re1 c5 10. cxd5 exd5 11. dxc5 Bxc5 12. Ne2 Ne4 13. Bc3 Nxc3 14. Nxc3 Nc6
15. Nxd5 Nb4 16. Nxb4 Bxb4 17. Rf1 Bxf3 18. gxf3 Qf6 19. Qb3 Rad8 20. f4 Qh4
21. Be4 1/2-1/2

[Event "BL 1819 SG Turm Kiel - SV Mülheim Nord"]
[Site "?"]
[Date "2019.03.02"]
[Round "10.3"]
[White "Fridman, Daniel"]
[Black "Glud, Jakob Vang"]
[Result "1/2-1/2"]
[WhiteElo "2633"]
[BlackElo "2551"]
[PlyCount "44"]
[EventDate "2019.??.??"]

1. d4 d5 2. c4 e6 3. Nc3 Nf6 4. cxd5 exd5 5. Bg5 Be7 6. e3 Nbd7 7. Bd3 c6 8.
Nge2 Nh5 9. Bxe7 Qxe7 10. Qc2 g6 11. O-O-O Nb6 12. h3 Bd7 13. Kb1 Ng7 14. Nf4
Bf5 15. Rhe1 O-O-O 16. Bxf5+ Nxf5 17. Ncxd5 Nxd5 18. Nxd5 Rxd5 19. e4 Re8 20.
Qc3 Rxd4 21. Rxd4 Nxd4 22. Qxd4 Qd7 1/2-1/2